000 00506nam a2200145 a 4500
001 000038659
005 20201002031327.0
008 130417s1980 dr 000 0 spa d
040 _aDO-SdBNP
_bspa
_cBNPHU
100 1 _aOviedo, José
_92671
245 1 0 _aGenesis y desarrollo del problema metodológico en Marx :
_b(elementos introductorios) /
_cJosé Oviedo.
260 _aSanto Domingo :
_bAlfa y Omega,
_c1980.
300 _a117 p. ;
_c19 cm.
500 _aIncluye datos biográficos del autor en las solapas
999 _c38149
_d38149